| 000 | 00665nam a2200205 a 4500 | ||
|---|---|---|---|
| 005 | 20210219153258.0 | ||
| 008 | 991125n 000 0 u | ||
| 035 | _aUPN01000088237 | ||
| 222 | _aREVISTA DE LA EDUCACION SUPERIOR | ||
| 245 | _aModelo de preparación de personal de enfermería de nivel intermedio simultáneo al bachillerato | ||
| 300 | _a47-69 | ||
| 362 | _a1975 Vol. 4, no. 1, ene.-mar. | ||
| 653 | 0 | _aEDUCACION SANITARIA | |
| 653 | 0 | _aIMSS | |
| 653 | 0 | _aINSTITUTO DE SEGURIDAD Y SERVICIOS SOCIALES DE LOS TRABAJADORES DEL ESTADO (MEXICO) | |
| 653 | 0 | _aLEXICO | |
| 653 | 0 | _aREFORMA EDUCATIVA | |
| 904 |
_aAC _b026048 |
||
| 905 | _aArticulo | ||
| 999 |
_c72910 _d72910 |
||